Roblox Styles Quiz - Statistics

General Stats
  • This quiz has been taken 211 times
  • The average score is 11 of 26
Answer Stats
Picture Answer % Correct
Bacon
100%
Noob
94%
Slender
81%
Furry
74%
Emo
68%
Troller
63%
Doge
62%
Guest
57%
Soldier
57%
Preppy
55%
Rich
43%
CNP
40%
2017
38%
Softie
29%
Goblin
25%
Xbox
24%
Kawaii
23%
Bloxburg Mom
21%
Worker
21%
Weirdcore
20%
Samurai
19%
Indie
17%
Cottagecore
12%
RoGangster
11%
Vintage
6%
Skater
3%
No matching quizzes found
Score Distribution
Percent of People with Each Score
Percentile by Number Answered
Your Score History
You have not taken this quiz